000 005150000a22001810004500
003 MACL
005 20160311125959.0
008 160311b xxu||||| |||| 00| 0 eng d
040 _aMACL
_cMACL
041 _aHindi
082 _a891.433
100 _aजैन आनन्‍दप्रकाश
_944866
245 _aअंतर्मुखी
260 _bलिपि प्रकाशन
_c1975
_aनई दिल्‍ली
350 _a12
650 _aNovel
_944867
942 _cHIN
_k891.433
_2ddc
999 _c27097
_d27097